000 00515 a2200181 4500
999 _c362
_d362
020 _a9780521684170
050 _aQH308.2 TAY 1997
100 _aTaylor, D.J
_eauthor
245 _aBiological science/
_cD.J Taylor, N.P.O Green, G.W. Stout
264 _aNew York:
_bCambridge university press,
_c1997
300 _a983p.:
_bill.
500 _aIncludes index
650 _aBiological science
700 _aN.P.O. Green
700 _aG.W. Stout
700 _aR. Soper
_eeditor
942 _2lcc
_cBK
_ethird
_h308.2
_iTAY
_kQH